| 000 | 00450nam a2200157Ia 4500 | ||
|---|---|---|---|
| 003 | SISC | ||
| 005 | 20181009093418.0 | ||
| 008 | 180205s9999 xx 000 0 und d | ||
| 020 | _a9781606490808 | ||
| 050 |
_aHD 2744 _b.L345 2010 |
||
| 100 | _aLaskin, Alexander | ||
| 245 |
_aManaging investor relations : _bstrategies for effective communication |
||
| 260 |
_aNew York City _bBusiness expert press _c2010 |
||
| 300 | _a91 pages | ||
| 942 |
_2lcc _cBK |
||
| 999 |
_c354819 _d354819 |
||